000 00564nam a22001697a 4500
003 OSt
008 260602b |||||||| |||| 00| 0 eng d
020 _a9781071624319
082 _a631.523
_bS23P
245 _aPlant Comparative Genomics/
_bedited by Alejandro Pereira-Santana , Samuel David Gamboa-Tuz and, Luis Carlos Rodríguez-Zapata
260 _aNew York:
_bSpringer Nature;
_c2021
300 _axi, 294 p.
700 _aSantana , Alejandro Pereira-
700 _aGamboa-Tuz , Samuel David
700 _aRodríguez-Zapata, Luis Carlos
942 _2ddc
_cBK
999 _c51224
_d51224